00768nai a2200181Ia 4500003000900000008004100009022002200050022002300072040001600095245009700111260008600208310001400294362003000308521006900338650004500407650004600452856008800498IN-BaIIA211028c9999 xx s 000 0 eng d a1070-9894 (Print) a1558-3686 (Online) cIIA Library 0aIEEE Transactions on Components, Packaging, and Manufacturing Technology: Part Bh[eJournal] aNew York, USAbThe Institute of Electrical and Electronics Engineers, Inc. (IEEE) aQuarterly a17(1); 1994 - 21(4); 1998 bSubscribed through National Knowledge Resource Consortium (NKRC) a Power, Energy and Industry Applications aComponents, Circuits, Devices and Systems uhttps://ieeexplore.ieee.org/servlet/opac?punumber=96yClick Here to Access eJournal